<?xml version="1.0" encoding="UTF-8"?>
<record
    xmlns:xsi="http://www.w3.org/2001/XMLSchema-instance"
    xsi:schemaLocation="http://www.loc.gov/MARC21/slim http://www.loc.gov/standards/marcxml/schema/MARC21slim.xsd"
    xmlns="http://www.loc.gov/MARC21/slim">

  <leader>00710nam a2200205 i 4500</leader>
  <datafield tag="999" ind1=" " ind2=" ">
    <subfield code="c">7434</subfield>
    <subfield code="d">7434</subfield>
  </datafield>
  <controlfield tag="003">OSt</controlfield>
  <controlfield tag="005">20211124130016.0</controlfield>
  <controlfield tag="008">180608s2018    sp  |||   ||| 001 0 cat d</controlfield>
  <datafield tag="020" ind1=" " ind2=" ">
    <subfield code="a">9788416689644</subfield>
  </datafield>
  <datafield tag="040" ind1=" " ind2=" ">
    <subfield code="a">ES-VaUB </subfield>
    <subfield code="b">cat </subfield>
    <subfield code="c">CDMR</subfield>
  </datafield>
  <datafield tag="100" ind1=" " ind2=" ">
    <subfield code="a">Aleksi&#xE9;vitx, Svetlana, 1948- </subfield>
    <subfield code="9">4735</subfield>
  </datafield>
  <datafield tag="245" ind1="1" ind2="3">
    <subfield code="a">La guerra no t&#xE9; cara de dona / </subfield>
    <subfield code="c">Svetlana Aleksi&#xE9;vitx ; tradu&#xEF;t per Miquel Cabal Guarro</subfield>
  </datafield>
  <datafield tag="260" ind1=" " ind2=" ">
    <subfield code="a">Barcelona : </subfield>
    <subfield code="b">Raig Verd, </subfield>
    <subfield code="c">2018</subfield>
  </datafield>
  <datafield tag="300" ind1=" " ind2=" ">
    <subfield code="a">412 p&#xE0;gines ; </subfield>
    <subfield code="c">21 cm</subfield>
  </datafield>
  <datafield tag="490" ind1="0" ind2=" ">
    <subfield code="a">Ciclog&#xE8;nesi ; </subfield>
    <subfield code="v">12</subfield>
  </datafield>
  <datafield tag="500" ind1=" " ind2=" ">
    <subfield code="a">Premi Nobel de Literatura 2015</subfield>
  </datafield>
  <datafield tag="650" ind1="0" ind2="0">
    <subfield code="a">Guerra Mundial II, 1939-1945</subfield>
    <subfield code="x">Dones</subfield>
    <subfield code="9">3587</subfield>
    <subfield code="v">Relats personals</subfield>
    <subfield code="z">Uni&#xF3; Sovi&#xE8;tica</subfield>
  </datafield>
  <datafield tag="650" ind1="0" ind2="0">
    <subfield code="a">Reportatges literaris</subfield>
    <subfield code="9">797</subfield>
  </datafield>
  <datafield tag="942" ind1=" " ind2=" ">
    <subfield code="2">udc</subfield>
    <subfield code="c">MON</subfield>
  </datafield>
  <datafield tag="952" ind1=" " ind2=" ">
    <subfield code="0">0</subfield>
    <subfield code="1">0</subfield>
    <subfield code="4">0</subfield>
    <subfield code="7">0</subfield>
    <subfield code="a">CDMR</subfield>
    <subfield code="b">CDMR</subfield>
    <subfield code="d">2021-11-24</subfield>
    <subfield code="e">Donaci&#xF3;</subfield>
    <subfield code="g">21.90</subfield>
    <subfield code="l">1</subfield>
    <subfield code="m">1</subfield>
    <subfield code="o">Dj /123</subfield>
    <subfield code="p">CDMR21110050</subfield>
    <subfield code="r">2023-05-18</subfield>
    <subfield code="s">2022-02-17</subfield>
    <subfield code="w">2021-11-24</subfield>
    <subfield code="y">MON</subfield>
  </datafield>
</record>
